000 00863nam a2200265Ia 4500
003 OSt
005 20220923211440.0
006 a|||||r|||| 00| 0
007 ta
008 220922b |||||||| |||| 00| 0 hin d
020 _a9789350008287 (hbk)
_c225
024 _a274,114
037 _b97, 05/09/2013, Vani Prakashan
_cTextual
040 _aARTS
_cARTS
_bhin
041 _2hin
_ahin
082 _aO152,3N596x, Q2
100 _aजयशंकर
245 0 _aचेम्बर म्यूजिक
246 _aChembar myūjika
260 _aनई दिल्ली
_b वाणी प्रकाशन
_c2012
300 _a131पृ.
_ccm.
650 _aहिन्दी साहित्य
_9156264
942 _hO152,3N596x, Q2
_cTEXL
_2CC
999 _c299653
_d299653